| 000 | 01045nam a22001937a 4500 | ||
|---|---|---|---|
| 999 |
_c62956 _d62956 |
||
| 003 | Ge_BSU | ||
| 005 | 20250404170006.0 | ||
| 008 | 250404s1997 ge ||||| |||| 00| 0 geo d | ||
| 041 | _ageo | ||
| 080 | _a330.8 ხ-27 | ||
| 100 |
_aხარიტონაშვილი, ჯემალ _921351 |
||
| 245 |
_aეკონომიკურ მოძღვრებათა რეტროსპექტივა და თანამედროვე პრობლემები. წ. 1 / _cჯემალ ხარიტონაშვილი; [რედ. ჯ. კახნიაშვილი]. |
||
| 264 |
_aთბილისი : _bსაქპროფგამი, _c1997. |
||
| 300 |
_a228 გვ. : _bსქ.; _c20 სმ. |
||
| 653 | _aეკონომიკური მოძღვრებები | ||
| 653 | _aეკონომიკური აზრის ისტორია | ||
| 700 |
_aკახნიაშვილი, ჯ. ა., _eრედაქტორი _924740 |
||
| 942 |
_2udc _cᲬᲘᲒᲜᲘ |
||